000 00977nam a2200277 i 4500
001 1002
003 KOSZ 005
005 20210701123411.0
008 070728s1970 pl a f 001 0 pol
015 _aPB 1970/3494
040 _aWA N
_cKOSZ 005/RW
_dKOSZ 005/RW
080 _a546
100 1 _aTołłoczko, Stanisław
_d(1868-1935)
_eAutor
245 1 0 _aChemia nieorganiczna z zasadami chemii ogólnej /
_cStanisław Tołłoczko, Wiktor Kemula.
250 _aWyd. 6 powojenne.
260 _aWarszawa :
_bPaństwowe Wydawnictwo Naukowe,
_c1970.
300 _a583, [1] s., [1] k. tabl. :
_bil. ;
_c25 cm.
380 _aKsiążki.
504 _aIndeks.
650 4 _aChemia nieorganiczna
655 4 _aPodręcznik
710 2 _aPaństwowe Wydawnictwo Naukowe
_4pbl.
700 1 _aKemula, Wiktor
_d(1902-1985)
_eAutor
856 _uhttp://koha.tu.koszalin.pl/cgi-bin/koha/opac-detail.pl?biblionumber=1002
_yKatalog online BPK
942 _2UKD
_cKS
999 _c1002
_d1002